Fourier Series & Fourier Transforms & Their Applications (Record no. 21062)

MARC details
000 -LEADER
fixed length control field 00292nam a22001097a 4500
008 - FIXED-LENGTH DATA ELEMENTS--GENERAL INFORMATION
fixed length control field 250107b |||||||| |||| 00| 0 eng d
100 ## - MAIN ENTRY--AUTHOR NAME
Personal name G Gupta
245 ## - TITLE STATEMENT
Title Fourier Series & Fourier Transforms & Their Applications
260 ## - PUBLICATION, DISTRIBUTION, ETC. (IMPRINT)
Place of publication Meerut
Name of publisher Pragati Pub.
Year of publication 1995
300 ## - PHYSICAL DESCRIPTION
Number of Pages 110
942 ## - ADDED ENTRY ELEMENTS (KOHA)
Source of classification or shelving scheme Dewey Decimal Classification
Koha item type Books
Holdings
Accession Number Cost, normal purchase price Source of acquisition Price effective from Koha item type Withdrawn / writtenoff status Damaged status Not for loan Permanent Location Current Location Shelving location Date acquired Lost/ Missing status department
BB 1503 35.00 Donated By Rajinder Sharma 01/07/2025 Books       MIET Library, Jammu MIET Library, Jammu 101/4 01/03/2025   BB